<?xml version="1.0" encoding="UTF-8"?>
<record
    xmlns:xsi="http://www.w3.org/2001/XMLSchema-instance"
    xsi:schemaLocation="http://www.loc.gov/MARC21/slim http://www.loc.gov/standards/marcxml/schema/MARC21slim.xsd"
    xmlns="http://www.loc.gov/MARC21/slim">

  <leader>00489nam a22001937a 4500</leader>
  <datafield tag="999" ind1=" " ind2=" ">
    <subfield code="c">171811</subfield>
    <subfield code="d">171811</subfield>
  </datafield>
  <controlfield tag="005">20200121123717.0</controlfield>
  <datafield tag="010" ind1=" " ind2=" ">
    <subfield code="a">A-420097</subfield>
  </datafield>
  <datafield tag="020" ind1=" " ind2=" ">
    <subfield code="c">10.00</subfield>
  </datafield>
  <datafield tag="035" ind1=" " ind2=" ">
    <subfield code="a">A-420097</subfield>
  </datafield>
  <datafield tag="037" ind1=" " ind2=" ">
    <subfield code="b">BPPD/Pub.</subfield>
  </datafield>
  <datafield tag="082" ind1=" " ind2=" ">
    <subfield code="a">&#x646;</subfield>
  </datafield>
  <datafield tag="100" ind1=" " ind2=" ">
    <subfield code="a">&#x638;&#x641;&#x631; &#x645;&#x62D;&#x645;&#x648;&#x62F;</subfield>
  </datafield>
  <datafield tag="245" ind1=" " ind2=" ">
    <subfield code="a">&#x67E;&#x648;&#x631;&#x627; &#x6C1;&#x631;&#x627;&#x631; &#x645;&#x6A9;&#x627;&#x646; /</subfield>
    <subfield code="c">&#x638;&#x641;&#x631; &#x645;&#x62D;&#x645;&#x648;&#x62F;</subfield>
  </datafield>
  <datafield tag="246" ind1=" " ind2=" ">
    <subfield code="a">Pura Harar Makan (Urdu) /</subfield>
    <subfield code="b">by Zafar Mehmood</subfield>
  </datafield>
  <datafield tag="260" ind1=" " ind2=" ">
    <subfield code="a">-</subfield>
    <subfield code="b">-</subfield>
    <subfield code="c">1989 &#x621;</subfield>
  </datafield>
  <datafield tag="270" ind1=" " ind2=" ">
    <subfield code="b">-</subfield>
    <subfield code="a">-</subfield>
    <subfield code="e">-</subfield>
  </datafield>
  <datafield tag="300" ind1=" " ind2=" ">
    <subfield code="a">127p.</subfield>
    <subfield code="c">20cm(Hb)</subfield>
  </datafield>
  <datafield tag="942" ind1=" " ind2=" ">
    <subfield code="2">ddc</subfield>
    <subfield code="c">UR</subfield>
    <subfield code="h">&#x646;</subfield>
    <subfield code="m">&#x638; &#x641; &#x631;</subfield>
  </datafield>
</record>
